00579 2200193 4500245007800000020002200078250001000100100002600110700001800136700001300154650002100167650001000188005001900198260011600217041001400333084001000347300001900357336000900376 aFestival Cap Go Meh di Kota Seribu KelentengcDewi Cholidatul UmmahhText a978-623-307-000-3 aCet.2 aDewi Cholidatul Ummah aKity Karenisa aFelishia aCerita Bergambar aEbook a20241031084902 aJakatabKementerian Pendidikan, Kebudayaan, Riset, dan Teknologi Badan Pengembangan dan Pembinaan Bahasac2022 aIndonesia a741.5 a45 hlm. :cPDF atext